Fundamentos de química analítica.

Guardat en:
Dades bibliogràfiques
Autors principals: Skoog, Douglas A (Autor), West, Donald M (Autor), Holler, F. James (Autor), Crouch, Stanley R (Autor)
Format: Llibre
Idioma:espanyol
Publicat: Ciudad de México, México: Cencage Learning, 2015.
Edició:Novena edición
Matèries:
Accés en línia:Disponible Online
Etiquetes: Afegir etiqueta
Sense etiquetes, Sigues el primer a etiquetar aquest registre!

MARC

LEADER 00000cam a2200000 a 4500
001 UCC0469
003 CL-VaPUC
005 20240104124839.0
008 170818e20150000mx |||||||||||||||||spa|d
999 |c 369304  |d 369302 
020 |a 9786075193779 
040 |c Pontificia Universidad Católica de Valparaíso 
082 0 4 |a 543 SKO 2015  |2 21 
100 0 |a Skoog, Douglas A  |e author  |9 594438 
245 1 0 |a Fundamentos de química analítica. 
250 |a Novena edición  
260 |a Ciudad de México, México:  |b Cencage Learning,  |c 2015. 
300 |a 958 páginas  
583 |a last modification  |c 20181114 12:08:30  |k Rodrigo Vera 
650 0 |a Química analítica  |9 259648 
650 0 |a Análisis químico  |9 344456 
650 0 |a Electroquímica  |9 263973 
650 0 |a Espectroscopía  |9 306791 
650 0 |a Cromatografía   |9 263967 
700 0 |a West, Donald M  |e author  |9 594439 
700 0 |a Holler, F. James  |e author  |9 594440 
700 0 |a Crouch, Stanley R  |e author  |9 594441 
856 |u http://bibliografiadigital.pucv.cl.pucv.idm.oclc.org/index.php/bibliotecapucv/catalog/book/629  |y Disponible Online  
942 |c BK  |2 ddc 
945 |d 20170818 15:36:00  |a cmena 
952 |0 0  |1 0  |3 erb  |4 0  |6 543_000000000000000_SKO_2015  |7 0  |8 A  |9 485048  |a BIBCUR  |b BIBCUR  |i 5417422  |l 4  |m 2  |o 543 SKO 2015  |p 5417422  |r 2025-04-22  |s 2024-11-12  |w 2019-11-24  |y BK  |z Catalogado en:20170818  |k QUI 
952 |0 0  |1 0  |3 erb  |4 0  |6 543_000000000000000_SKO_2015  |7 0  |8 A  |9 485049  |a BIBCUR  |b BIBCUR  |i 5417414  |l 7  |m 4  |o 543 SKO 2015  |p 5417414  |r 2025-04-22  |s 2025-04-21  |w 2019-11-24  |y BK  |z Catalogado en:20170818  |k QUI 
952 |0 0  |1 0  |3 erb  |4 0  |6 543_000000000000000_SKO_2015  |7 0  |8 A  |9 485050  |a BIBCUR  |b BIBCUR  |i 5426081  |l 15  |m 6  |o 543 SKO 2015  |p 5426081  |q 2025-05-16  |r 2025-05-09  |s 2025-05-09  |w 2019-11-24  |y BK  |z Catalogado en:20170929  |k QUI 
952 |0 0  |1 0  |2 ddc  |4 0  |6 543_000000000000000_SKO_2015  |7 0  |8 A  |9 586838  |a BIBCUR  |b BIBCUR  |c GEN  |d 2022-09-26  |e 3  |g 85578.00  |i 5654787  |l 4  |m 4  |o 543 SKO 2015  |p 5654787  |r 2025-04-22  |s 2023-11-06  |t 6  |v 85578.00  |w 2022-09-26  |y BK  |k QUI 
952 |0 0  |1 0  |2 ddc  |4 0  |6 543_000000000000000_SKO_2015  |7 0  |8 A  |9 586839  |a BIBCUR  |b BIBCUR  |c GEN  |d 2022-09-26  |e 3  |g 85578.00  |i 5654788  |l 12  |m 7  |o 543 SKO 2015  |p 5654788  |q 2025-05-13  |r 2025-04-29  |s 2025-04-29  |t 7  |v 85578.00  |w 2022-09-26  |y BK  |k QUI 
952 |0 0  |1 0  |2 ddc  |4 0  |6 543_000000000000000_SKO_2015  |7 0  |8 A  |9 586840  |a BIBCUR  |b BIBCUR  |c GEN  |d 2022-09-26  |e 3  |g 85578.00  |i 5654786  |l 10  |m 3  |o 543 SKO 2015  |p 5654786  |r 2025-04-22  |s 2024-08-26  |t 5  |v 85578.00  |w 2022-09-26  |y BK  |k QUI 
952 |0 0  |1 0  |2 ddc  |4 0  |6 543_000000000000000_SKO_2015  |7 0  |8 A  |9 586841  |a BIBCUR  |b BIBCUR  |c GEN  |d 2022-09-26  |e 3  |g 85578.00  |i 5654789  |l 21  |m 6  |o 543 SKO 2015  |p 5654789  |r 2025-04-22  |s 2025-04-10  |t 8  |v 85578.00  |w 2022-09-26  |y BK  |k QUI